| 000 | 00677nam a2200181 4500 | ||
|---|---|---|---|
| 008 | 161111b xxu||||| |||| 00| 0 eng d | ||
| 020 | _a978-971-9654-19-3 | ||
| 082 |
_aDFil 158.2 _bSe68m _22016 |
||
| 100 |
_917110 _aCamilar-Serrano, Angelita Ong |
||
| 245 |
_aManagement of human behaviour in an organization/ _cAngelita Ong Camilar-Serrano. |
||
| 260 |
_aManila: _bUnlimited Books Library Services & Publishing Inc. , _cc2016. |
||
| 300 |
_aviii, 466 pages; _billustrations: _c26 cm. |
||
| 500 | _aIncludes bibliographical references. | ||
| 650 | 0 |
_917111 _aOrganizational behavior |
|
| 700 |
_917112 _aFlores, Marivic Francisco |
||
| 365 |
_b680.00 _cPhp |
||
| 942 |
_2ddc _cDFIL |
||
| 999 |
_c5555 _d5555 |
||